000 00627nam a2200229Ia 4500
005 20250108124918.0
008 008 250107s9999 xx 000 0 eng d
020 _a978-81-956006-4-9
037 _aTB
040 _aCRL
_beng
_cCRL
041 _aeng
_2eng
084 _aQ8441 R3
084 _qCRL
100 _aAhuja M. L. Au.
_9730060
245 0 _aIndian spiritual gurus: twentieth century
_cAhuja M. L. Au.
260 _aNew Delhi, India
_bIcon Publications Pvt. Ltd.
_c2639
300 _a236p.
365 _aINR
_b250
650 _aSPIRITUALISM
942 _cTB
_hQ8441 R3
999 _c1235027
_d1235027